000 00483nam a22001937a 4500
003 LK-CoDNM
005 20250120112150.0
008 250120b |||||||| |||| 00| 0 eng d
040 _aLK-CoDNM
_dLK-CoDNM
_eLK-CoDNM
041 _aeng
080 _a11
_bT6
100 _aWelwitsch,DR.Friedrich
245 _aCatalogue of the African Plants
250 _aPart ii
260 _aLondon
_bOrder of the trustees
_c1898
300 _a508p ; 21 cm
650 _aScience
942 _cBK
999 _c236978
_d236978